Srdce na dlani - program proti násiliu a agresii žiakov v školách

Bibliographic Details
Main Author: Gajdošová, Eva, 1951- (Author)
Format: Article
Language:Slovak
PhysicalDescription:Fotogr.
ISSN:1336-7161
Subjects:

MARC

LEADER 00000nab a2200000 ar4500
001 vtls008427638
003 SK-MaSNL
005 20260304170124.0
008 060201c2005 xo mr|p||| |000 b|slo
015 |a SNBRB2006/02 
038 |a SPK 
040 |a SPKCL  |b slo  |c AACR2  |e AACR2 
041 0 |a slo 
044 |a xo  |c SK 
080 |a 316.624  |2 UDC-MRF-SK2 
080 |a 159.942.6-053.2  |2 UDC-MRF-SK2 
080 |a 371.001.12  |2 UDC-MRF-SK2 
100 1 |a Gajdošová, Eva,  |d 1951-  |4 aut  |9 208000 
245 1 0 |a Srdce na dlani - program proti násiliu a agresii žiakov v školách  |c Eva Gajdošová 
300 |b Fotogr. 
610 2 7 |a Srdce na dlani (program)  |2 snkbucl  |9 247452 
650 0 7 |a násilie  |2 spk  |9 4763 
650 0 7 |a agresivita  |2 spk  |9 14196 
650 0 7 |a škola  |2 spk  |9 29975 
650 0 7 |a program  |2 spk  |9 873327 
650 0 7 |a rozvoj osobnosti  |2 spk  |9 63298 
650 0 7 |a prevencia  |2 spk  |9 276631 
650 0 7 |a materské školy  |2 spk  |9 1278 
650 0 7 |a Základná škola  |2 spk  |9 771302 
650 0 7 |a stupeň prvý  |2 spk  |9 1036483 
773 0 |t Pán učiteľ : časopis pre učiteľov, rodičov a žiakov  |g Roč. 1, č. 4 (2005), s. 17  |x 1336-7161 
852 |a SPK  |b KIS3GCP 
999 |c 2987166  |d 2989096